| 000 | 00799nam a2200229 a 4500 | ||
|---|---|---|---|
| 005 | 20240411063745.0 | ||
| 008 | 070314s2005 mx r 000 0 spa d | ||
| 020 | _a9688607630 | ||
| 035 | _aUPN01000149795 | ||
| 049 | _aCG | ||
| 050 | 4 |
_aF1226 _bR6.3 |
|
| 100 | 1 | _aRodríguez, Mauro | |
| 245 | 1 | 4 |
_aLos 10 engaños al pueblo de México / _cMauro Rodríguez, Alicia Villaneda. |
| 260 |
_aMéxico : _bPax-México, _c2005. |
||
| 300 |
_axii, 249 p. : _bil. |
||
| 500 | _a"Lo que gobierna a los hombres es el miedo a la verdad" "¿Qué dosis de verdad puede soportar un hombre?" | ||
| 651 | 4 |
_aMéxico _xHistoria _94558 |
|
| 651 | 4 |
_aMEXICO - _xHISTORIA - _xERRORES, FALSEDADES, ETC. |
|
| 700 | 1 |
_aVillaneda, Alicia, _ecoaut. |
|
| 740 | 1 | 4 | _aLos diez engaños al pueblo de México |
| 905 | _aLibro | ||
| 999 |
_c121936 _d121936 |
||